Music Quiz

Random Music or Album Quiz
Score 0/100 Timer 15:00
0 Plays Today
Artist % Correct
RadioheadKid A
91.5%
The White StripesElephant
89.2%
RadioheadIn Rainbows
86.2%
Arcade FireFuneral
84.6%
The StrokesIs This It
83.8%
OutkastStankonia
82.3%
Green DayAmerican Idiot
82.3%
Franz FerdinandFranz Ferdinand
80%
ColdplayParachutes
80%
Amy WinehouseBack to Black
77.7%
Kanye WestThe College Dropout
77.7%
The White StripesWhite Blood Cells
76.2%
EminemThe Marshall Mathers LP
75.4%
Vampire WeekendVampire Weekend
75.4%
Jay-ZThe Blueprint
74.6%
WilcoYankee Hotel Foxtrot
73.1%
Sufjan StevensIllinois
73.1%
ColdplayA Rush of Blood to the Head
71.5%
Arcade FireNeon Bible
69.2%
Kanye WestLate Registration
66.9%
Arctic MonkeysWhatever People Say I Am, That's What I'm Not
66.2%
Fleet FoxesFleet Foxes
66.2%
RadioheadAmnesiac
66.2%
GorillazDemon Days
66.2%
The XXXX
64.6%
LCD SoundsystemSound of Silver
63.1%
The Flaming LipsYoshimi Battles the Pink Robots
63.1%
Daft PunkDiscovery
63.1%
RadioheadHail to the Thief
63.1%
Animal CollectiveMerriweather Post Pavilion
62.3%
M.I.A.Kala
62.3%
Jay-ZThe Black Album
62.3%
PhoenixWolfgang Amadeus Phoenix
61.5%
Queens of the Stone AgeSongs for the Deaf
58.5%
Artist % Correct
LCD SoundsystemLCD Soundsystem
57.7%
MGMTOracular Spectacular
57.7%
OutkastSpeakerboxxx / The Love Below
56.9%
InterpolTurn On The Bright Lights
55.4%
Justin TimberlakeFutureSex/LoveSounds
54.6%
MadvillainMadvillainy
53.8%
BeckSea Change
53.8%
Sigur Ros( )
53.8%
Gnarls BarkleySt. Elsewhere
53.8%
TV on the RadioReturn to Cookie Mountain
53.1%
PortisheadThird
52.3%
Brian WilsonSMiLE
52.3%
System of a DownToxicity
52.3%
Bon IverFor Emma, Forever Ago
50.8%
The AvalanchesSince I Left You
49.2%
M.I.A.Arular
48.5%
The NationalBoxer
48.5%
Joanna NewsomYs
47.7%
BjörkVespertine
46.9%
Modest MouseThe Moon & Antarctica
46.9%
Yeah Yeah YeahsFever to Tell
46.9%
My Morning JacketZ
44.6%
The StreetsOriginal Pirate Material
43.8%
TV on the RadioDear Science,
43.8%
Bob DylanModern Times
43.8%
Bob DylanLove and Theft
43.1%
The LibertinesThe Libertines
43.1%
Antony and the JohnsonsI Am A Bird Now
42.3%
The KnifeSilent Shout
42.3%
PJ HarveyStories From the City, Stories From the Sea
41.5%
The LibertinesUp The Bracket
41.5%
The NationalAlligator
41.5%
Grizzly BearVeckatimest
40.8%
The ShinsChutes Too Narrow
40%
Artist % Correct
Broken Social SceneYou Forgot It In People
40%
D'AngeloVoodoo
38.5%
Dizzee RascalBoy in da Corner
37.7%
Animal CollectiveStrawberry Jam
37.7%
Godspeed You Black Emperor!Lift Your Skinny Fists Like Antennas to Heaven
36.9%
Bright EyesI'm Wide Awake, It's Morning
36.2%
Bloc PartySilent Alarm
36.2%
The Postal ServiceGive Up
36.2%
BlurThink Tank
36.2%
Dirty ProjectorsBitte Orca
35.4%
Robert Plant & Alison KraussRaising Sand
35.4%
Panda BearPerson Pitch
34.6%
SpoonKill the Moonlight
34.6%
The StreetsA Grand Don't Come for Free
33.8%
BurialUntrue
33.1%
Primal ScreamXtrmntr
32.3%
DeerhunterMicrocastle / Weird Era Cont.
30%
Boards of CanadaGeogaddi
28.5%
At the Drive-InRelationship of Command
26.9%
Cat PowerThe Greatest
26.9%
Of MontrealHissing Fauna, Are You the Destroyer?
26.9%
WilcoA Ghost is Born
26.9%
Ryan AdamsHeartbreaker
26.2%
BattlesMirrored
26.2%
Hot ChipThe Warning
23.1%
Cat PowerYou Are Free
22.3%
Yo La TengoAnd Then Nothing Turned Itself Inside Out
21.5%
GrandaddyThe Sophtware Slump
21.5%
Johnny CashAmerican III: Solitary Man
20.8%
Cut CopyIn Ghost Colors
20%
The NotwistNeon Golden
16.9%
Nick Cave & The Bad SeedsAbattoir Blues / The Lyre of Orpheus
15.4%
Remove Ads.
Support Sporcle.
Get the best of Sporcle when you Go Orange. This ad-free experience offers more features, more stats, and more fun while also helping to support Sporcle. Thank you for becoming a member.

You're not logged in!

Compare scores with friends on all Sporcle quizzes.
OR
Log In

Show Comments

Extras

Top Quizzes Today


Score Distribution

Your Account Isn't Verified!

In order to create a playlist on Sporcle, you need to verify the email address you used during registration. Go to your Sporcle Settings to finish the process.

Report this User

Report this user for behavior that violates our Community Guidelines.

Details: